000 00427nam a2200169Ia 4500
008 240729s9999 xx 000 0 und d
022 _a2472-7245
245 0 _aJBJS Open Access
260 _aUnited States
260 _bWolters Kluwer
650 _a Orthopedic surgery
650 _a Surgery
650 _aMedicine
856 _uhttps://doaj.org/toc/a16e70fb91044a3bb0015269ed5d4781
942 _2ddc
942 _cDOAJEJ
999 _c66139
_d66139
945 _a1
_bMadushi Gamage
_c1
_dMadushi Gamage